Cliquez sur la bonne traduction en italien - La famille - Statistiques

Statistiques générales
  • Ce quiz a été pris 837 fois
  • Le résultat moyen est 14 sur 19
Statistiques - réponses
Hint Réponse % Correct
Famille Famiglia
96%
Fils Figlio
92%
Enfant Bambino
89%
Soeur Sorella
86%
Cousin Cugino
84%
Mari Marito
84%
Mère Madre
83%
Mariage Matrimonio
83%
Jumeau Gemello
78%
Parrain Padrino
78%
Fiançailles Fidanzamento
75%
Parents Genitori
73%
Tante Zia
73%
Grand-père Nonno
70%
Neveu Nipote
63%
Femme Moglie
62%
Filleul Figlioccio
60%
Belle-fille Nuora
57%
Beau-père Suocero
46%
Aucun quiz correspondant
Distribution des résultats
% des personnes avec chaque résultat
Percentile par nombre de réponses
Votre historique - résultats
Vous n’avez pas pris ce quiz